000 00382pab a2200145 454500
008 180718b2003 xxu||||| |||| 00| 0 eng d
100 _aKanwal, Gurmeet
245 _aIraq imbroglio and its likely fallout in the West Asian region
260 _c2003
300 _ap.33-40.
362 _aJan-Jun
650 _aInternational relations
773 _aIndia Quarterly
909 _a59944
999 _c59944
_d59944